LIBRARY ONLINE CATALOGUE

Chief Justice M. Monir Dictionary of Law (Record no. 17407)

MARC details
000 -LEADER
fixed length control field 00378nam a22001457a 4500
008 - FIXED-LENGTH DATA ELEMENTS--GENERAL INFORMATION
fixed length control field 190201b xxu||||| |||| 00| 0 eng d
020 ## - INTERNATIONAL STANDARD BOOK NUMBER
International Standard Book Number 9350358809
050 ## - LIBRARY OF CONGRESS CALL NUMBER
Classification number KD313
Item number .M67 2016 c.1
100 ## - MAIN ENTRY--PERSONAL NAME
Personal name Monir, M.
245 ## - TITLE STATEMENT
Title Chief Justice M. Monir Dictionary of Law
Statement of responsibility, etc. M. Monir
250 ## - EDITION STATEMENT
Edition statement 2nd ed.
260 ## - PUBLICATION, DISTRIBUTION, ETC. (IMPRINT)
Place of publication, distribution, etc. India
Name of publisher, distributor, etc. LexisNexis
Date of publication, distribution, etc. 2016
300 ## - PHYSICAL DESCRIPTION
Extent 947p.
942 ## - ADDED ENTRY ELEMENTS (KOHA)
Source of classification or shelving scheme Library of Congress Classification
Koha item type Reference
Holdings
Withdrawn status Lost status Source of classification or shelving scheme Not for loan Home library Current library Date acquired Cost, normal purchase price Total Checkouts Full call number Barcode Date last seen Price effective from Koha item type
    Library of Congress Classification   Kabarak, Main Campus Kabarak, Main Campus 01/02/2019 2750.00   KD313 .M67 2016 c.1 024690 01/02/2019 01/02/2019 Reference